[Event "Eu Team Ch"]
[Site "Batumi GEO"]
[Date "1999.12.07"]
[Round "9"]
[White "Lputian,S"]
[Black "Jussupow,A"]
[Result "1/2-1/2"]
[WhiteElo "2625"]
[BlackElo "2636"]

1.Nf3 d5 2.g3 c6 3.Bg2 Bg4 4.c4 e6 5.cxd5 exd5 6.d3 Nf6 7.O-O Be7 8.h3 Bh5
9.Nd4 O-O 10.Nf5 Bc5 11.Qc2 Na6 12.e4 Re8 13.a3 Bg6 14.g4 Bxf5 15.gxf5 Bd4
16.Nc3 Qe7 17.Ne2 Bb6 18.Ng3 Qd6 19.Kh1 Rad8 20.b4 Nc7 21.Bb2 dxe4 22.dxe4 Qd2
23.Rac1 Nb5 24.a4 Qxc2 25.Rxc2 Nd4 26.Rd2 Nb3 27.Rxd8 Rxd8 28.e5 Nd5 29.a5 Bd4
30.Bxd4 Nxd4 31.Rb1 Kf8 32.Ne4 Nxf5 33.b5 Nh4 34.bxc6 bxc6 35.Nc5 Ng6 36.e6 Ndf4
37.exf7 Kxf7 38.Rb7+ Kf6 39.Nd7+ Kg5 40.Rxa7 Re8 41.a6 Re1+ 42.Kh2 Nxg2 43.Nb6 Rb1
44.Rb7 N2h4 45.a7 Nf3+ 46.Kg3 Ngh4 47.Rxg7+ Kf5 48.Rf7+ Kg5 49.Rg7+  1/2-1/2

[Event "FSIMA December"]
[Site "Budapest HUN"]
[Date "1999.12.08"]
[Round "5"]
[White "Jurkovic,A"]
[Black "Struk,J"]
[Result "1-0"]
[WhiteElo "2339"]
[BlackElo "2270"]

1.Nf3 d5 2.g3 Nf6 3.Bg2 c6 4.O-O Bf5 5.d3 h6 6.c4 e6 7.cxd5 exd5 8.Nc3 Be7
9.Qb3 Qb6 10.Qc2 O-O 11.Be3 Qd8 12.Rab1 Ng4 13.Bf4 Na6 14.a3 d4 15.Ne4 Nf6
16.Be5 c5 17.Nfd2 Ng4 18.Nc4 Nxe5 19.Nxe5 Qc7 20.f4 Rac8 21.Rbc1 Nb8 22.b4 Bxe4
23.Bxe4 Nd7 24.Bf5 Nxe5 25.Bxc8 Rxc8 26.fxe5 Qxe5 27.Qa2 Bf6 28.Rc2 b6 29.Rf4 Rc7
30.Qc4 Bg5 31.Rf3 Be3+ 32.Kg2 g6 33.bxc5 bxc5 34.a4 Kg7 35.a5 h5 36.Rb2 g5
37.a6 g4 38.Rf1 Bg5 39.Rb7 Bf6 40.Rxc7 Qxc7 41.Qd5 Qe7 42.Qe4 Qxe4+ 43.dxe4 c4
44.Rf5 c3 45.Kf1 h4 46.Ke1 hxg3 47.hxg3 Kg6 48.Rc5 Bg5 49.Rc6+ Kg7 50.Kd1 Be3
51.Ke1 Bd2+ 52.Kf1 Be3 53.e5 Kh7 54.Ke1 Kg7 55.Kd1 Bf2 56.e6 fxe6 57.Rxe6 Bxg3
58.Re4 Kf6 59.Rxg4 Be5 60.Rg8 d3 61.exd3 Ke6 62.Ra8 Bd4 63.Rd8 Bb6 64.Rc8 Bd4
65.Kc2 Kd5 66.Kb3 Be5 67.Kb4 Bf6 68.Rc7 Be5 69.Rc5+ Kd6 70.Rc8 Kd5 71.Kb3 Bf6
72.Ra8 Bd4 73.Rd8+ Ke5 74.Rd7 c2 75.Kxc2 Bb6 76.Kc3 Ke6 77.Rb7 Bf2 78.Kc4 Kd6
79.d4 Kc6 80.Rxa7  1-0

[Event "Bundesliga 1999-2000"]
[Site "Tegernsee GER"]
[Date "1999.12.11"]
[Round "5"]
[White "Movsesian,S"]
[Black "Khenkin,I"]
[Result "1/2-1/2"]
[WhiteElo "2659"]
[BlackElo "2633"]

1.Nf3 d5 2.g3 c6 3.Bg2 Bg4 4.O-O Nd7 5.d3 Ngf6 6.Nbd2 e5 7.e4 dxe4 8.dxe4 Be7
9.h3 Bh5 10.Qe1 O-O 11.Nc4 Qc7 12.a4 b5 13.axb5 cxb5 14.Ne3 Bc5 15.Nf5 Rfe8
16.Qe2 Qc6 17.g4 Bg6 18.Ne1 a5 19.Kh1 Bb6 20.Nd3 Nc5 21.Bg5 Bxf5 22.exf5 e4
23.Nxc5 Bxc5 24.Rfd1 h6 25.Bf4 a4 26.Bg3 Rad8 27.h4 Bb6 28.Rxd8 Bxd8 29.Rd1 Bc7
30.Bxc7 Qxc7 31.g5 hxg5 32.hxg5 Nh7 33.g6 Nf6 34.Qxb5  1/2-1/2

[Event "Bundesliga 1999-2000"]
[Site "Tegernsee GER"]
[Date "1999.12.12"]
[Round "6"]
[White "Slobodjan,R"]
[Black "Beim,V"]
[Result "1/2-1/2"]
[WhiteElo "2550"]
[BlackElo "2559"]

1.Nf3 d5 2.g3 Bg4 3.Bg2 Nd7 4.O-O c6 5.d3 Ngf6 6.Qe1 e5 7.e4 dxe4 8.dxe4 Be7
9.Nbd2 Qc7 10.Nc4 Be6 11.Qe2 b5 12.Ncd2 O-O 13.h3 h6 14.Nh4 Rfe8 15.Re1  1/2-1/2

[Event "Bundesliga 1999-2000"]
[Site "Tegernsee GER"]
[Date "1999.12.12"]
[Round "6"]
[White "Schoene,R"]
[Black "Schmidt,Pe"]
[Result "0-1"]
[WhiteElo "2385"]
[BlackElo "2389"]

1.Nf3 d5 2.g3 c6 3.Bg2 Bg4 4.h3 Bh5 5.d4 Nd7 6.Nbd2 Ngf6 7.c4 e6 8.O-O Bd6
9.b3 O-O 10.Bb2 Qe7 11.Ne5 Ba3 12.Bxa3 Qxa3 13.g4 Bg6 14.Nxg6 hxg6 15.Qc1 Qe7
16.Qc3 Rac8 17.c5 e5 18.dxe5 Nxe5 19.b4 Rfd8 20.Qd4 g5 21.Qe3 Nh7 22.Nb3 Qf6
23.Nd4 Nc4 24.Qc3 Nf8 25.Rac1 Ne6 26.Nf5 Ne5 27.e3 d4 28.Qa1 g6 29.Nd6 Nf3+
30.Kh1 Rxd6 31.cxd6 Kg7 32.Qb1 Rh8 33.Qe4 Nd2 34.Qd3 Nxf1 35.Rxf1 Rd8 36.b5 Rxd6
37.Qa3 Qe5 38.bxc6 bxc6 39.Qxa7 d3 40.Qa4 Nc5 41.Qa5 d2 42.Bf3 Qf6 43.Kg2 Nd3
44.Rd1 Ne1+ 45.Rxe1 dxe1=Q 46.Qxe1 Qb2 47.a4 c5 48.Be2 Rd2 49.Bb5 Rc2 50.Qf1 Qa2
51.Bd3 Rc3 52.Bb5 Rxe3 53.Bc4 Qd2 54.Qa1+ Qc3 55.Qd1 Re4 56.Bb5 Rf4 57.Qe2 Qd4
58.a5 Qe4+ 59.Qxe4 Rxe4 60.a6 Re1 61.Kf3 Kf6 62.Bc4 Ke7 63.Bd5 Ra1 64.Bb7 Kd6
65.Ke4 Ra3 66.f3 f6 67.Bc8 Kc7 68.Bb7 Kb6 69.Bd5 Ra4+ 70.Ke3 Kxa6 71.Bf7 f5
72.Bxg6 f4+ 73.Kd3 Kb6 74.Be8 Ra3+  0-1

[Event "7th Solana It 2nd event"]
[Site "Solin CRO"]
[Date "1999.12.14"]
[Round "2"]
[White "Dizdarevic,E"]
[Black "Kovacevic,Vlat"]
[Result "1-0"]
[WhiteElo "2527"]
[BlackElo "2492"]

1.Nf3 d5 2.g3 c6 3.Bg2 Bg4 4.Ne5 Be6 5.d4 Nd7 6.Nd2 Ngf6 7.O-O g6 8.Ndf3 h6
9.Be3 Bg7 10.Qc1 Ng4 11.Nxg4 Bxg4 12.c4 Nf6 13.b3 Bxf3 14.exf3 h5 15.h4 O-O
16.Qc2 Ne8 17.Rad1 e6 18.Rfe1 Nd6 19.Bh3 Re8 20.Bf4 a5 21.a4 Qd7 22.c5 Nf5
23.Qc3 Qd8 24.Bxf5 gxf5 25.Be5 f6 26.Bd6 Kf7 27.f4 b6 28.Qf3 Kg6 29.Re3 bxc5
30.Bxc5 e5 31.fxe5 fxe5 32.dxe5 Rxe5 33.Rxe5 Bxe5 34.Re1 Qf6 35.Qd3 Rg8 36.Kf1 Kh7
37.f4 Bc3 38.Re3 Ba1 39.Re7+ Rg7 40.Re3 Qg6 41.Qe2 d4 42.Rd3 Rd7 43.Qd1 Bb2
44.Qd2 Qe6 45.Qxb2 Qd5 46.Qe2 Qxc5 47.Qxh5+ Kg7 48.Qg5+ Kf7 49.Qh5+ Kg7 50.Qf3 Re7
51.g4 Qc1+ 52.Rd1 Qe3 53.Kg2 Qxf3+ 54.Kxf3 Re3+ 55.Kf2 c5 56.g5 Kg6 57.Rg1 Rxb3
58.h5+ Kxh5 59.g6 Kh6 60.g7 Rb2+ 61.Kf3 Rb3+ 62.Ke2  1-0

[Event "Vikings GMB"]
[Site "York ENG"]
[Date "1999.12.14"]
[Round "2"]
[White "McNab,C"]
[Black "Seul,G"]
[Result "0-1"]
[WhiteElo "2445"]
[BlackElo "2445"]

1.Nf3 d5 2.g3 c6 3.Bg2 Bg4 4.d3 Nd7 5.h3 Bh5 6.O-O e5 7.e4 dxe4 8.dxe4 Ngf6
9.Qe1 Qc7 10.Nh4 Bc5 11.b4 Bb6 12.Bb2 a5 13.a3 axb4 14.axb4 Rxa1 15.Bxa1 O-O
16.Nd2 c5 17.b5 c4 18.Nf5 Ra8 19.Kh1 Qc5 20.f4 Bc7 21.Bc3 Qxb5 22.Ne3 exf4
23.gxf4 Nb6 24.Qh4 Ne8 25.e5 Be2 26.Rb1 Qd7 27.Ne4 Na4 28.Bb4 Ra6 29.Nd5 Bd8
30.Qf2 Bh5 31.Rg1 Kh8 32.Nc5 Nxc5 33.Qxc5 h6 34.f5 Qxf5 35.Rf1 Qxe5 36.Re1 Ra1
37.Rxa1 Qxa1+ 38.Kh2 Qe5+ 39.Kg1 Qa1+ 40.Kf2 Bh4+ 41.Ke3 Qg1+ 42.Kf4 Qxg2  0-1

[Event "Vikings Masters"]
[Site "York ENG"]
[Date "1999.12.14"]
[Round "2"]
[White "Krutti,V"]
[Black "Bhat,V"]
[Result "0-1"]
[WhiteElo "2357"]
[BlackElo "2388"]

1.Nf3 d5 2.g3 Nf6 3.Bg2 e6 4.O-O Be7 5.c4 O-O 6.d4 c6 7.Qc2 Nbd7 8.b3 b6
9.Nc3 Bb7 10.Rd1 a5 11.e4 h6 12.h3 a4 13.Bf4 axb3 14.axb3 dxe4 15.Nxe4 c5
16.Nxf6+ Bxf6 17.Rxa8 Qxa8 18.d5 exd5 19.cxd5 Rd8 20.Qf5 Nf8 21.Bc7 Rxd5
22.Rxd5 Bxd5 23.Bxb6 Ne6 24.Kh2 Be4 25.Qg4 h5 26.Qxh5 Qa6 27.Bxc5 g6  0-1

[Event "Vikings GMB"]
[Site "York ENG"]
[Date "1999.12.14"]
[Round "2"]
[White "Lamb,H"]
[Black "Meister,P"]
[Result "1/2-1/2"]
[WhiteElo "2173"]
[BlackElo "2417"]

1.Nf3 d5 2.g3 c6 3.Bg2 Bg4 4.b3 Nf6 5.Bb2 e6 6.c4 Nbd7 7.d3 Bd6 8.Nbd2 a5
9.a3 O-O 10.O-O Bh5 11.Qc2 Re8 12.Rae1 e5 13.cxd5 cxd5 14.e4 Rc8 15.Qb1 dxe4
16.dxe4 b5 17.Nh4 Nc5 18.h3 Bb8 19.Ndf3 Qd3 20.g4 Bg6 21.Nxg6 hxg6 22.Re3 Qxb1
23.Rxb1 b4 24.axb4 axb4 25.Nd2 g5 26.Rc1 Red8 27.Nc4 Nd3 28.Ra1 Nxb2 29.Nxb2 Bd6
30.Rd3 Bc5 31.Rxd8+ Rxd8 32.Nc4 Bd4 33.Ra5 Nd7 34.Rd5 Kf8 35.Bf1 Ke7 36.Ne3 Bxe3
37.fxe3 f6 38.Bb5 Nb6 39.Rxd8 Kxd8 40.Kf2 Kc7 41.Kf3 Kd6 42.Bd3 Nd7 43.Bc2 Nc5
44.Kg3 Nb7 45.Kf3 Kc5 46.Ke2 Nd6 47.Kd2 Nb5  1/2-1/2

[Event "ch-RUS KO"]
[Site "Moscow RUS"]
[Date "1999.12.16"]
[Round "1.2"]
[White "Gelman,A"]
[Black "Fominyh,A"]
[Result "0-1"]
[WhiteElo "2469"]
[BlackElo "2552"]

1.Nf3 d5 2.g3 c6 3.Bg2 Bg4 4.b3 e6 5.Bb2 Nf6 6.O-O a5 7.a3 Be7 8.c4 O-O 9.d3 Bh5
10.Qc2 Qb6 11.Nbd2 Rd8 12.Rac1 Na6 13.Qb1 d4 14.h3 c5 15.g4 Bg6 16.Ne5 Nd7
17.Nxg6 hxg6 18.Qc2 g5 19.Rb1 Nc7 20.e3 e5 21.exd4 cxd4 22.Bc1 Ne6 23.Nf3 Qc7
24.Re1 Ra6 25.Qe2 Bf6 26.b4 axb4 27.Rxb4 Ndc5 28.h4 gxh4 29.g5 Be7 30.g6 Bf6
31.Nh2 fxg6 32.Bd5 Kh7 33.Ng4 e4 34.Nxf6+ gxf6 35.dxe4 Kg7 36.Qd2 Rh8 37.f4 g5
38.e5 fxe5 39.Rxe5 Rf8 40.Qe2 d3 41.Qh5 Rxf4 42.Bb2 Kf8 43.Qh6+ Ke7 44.Qxg5+ Kd7
45.Qg2 Kc8 46.Rh5 Rf8 47.Be5 Qf7 48.Rb5 Rg8 49.Rxc5+ Rc6 50.Rh8 Rxh8 51.Bxc6 Nxc5
52.Bd5 Qh7 53.Qg4+ Nd7 54.Be4 Rg8  0-1

[Event "ch-ROM (women)"]
[Site "Lasi ROM"]
[Date "1999.12.17"]
[Round "3"]
[White "Bogza,A"]
[Black "Grigorieva,A"]
[Result "1/2-1/2"]
[WhiteElo "2210"]
[BlackElo "2143"]

1.Nf3 d5 2.g3 Bg4 3.Bg2 Nd7 4.d4 c6 5.O-O e6 6.b3 Ngf6 7.Bb2 Bxf3 8.exf3 Be7
9.f4 O-O 10.Nd2 b5 11.Qe2 b4 12.a3 a5 13.axb4 Bxb4 14.Nf3 Qb6 15.Ne5 Bd6
16.Qd3 a4 17.bxa4 c5 18.Qb5 Qc7 19.Nxd7 Nxd7 20.dxc5 Nxc5 21.Bd4 Rfb8 22.Qe2 Rxa4
23.Rxa4 Nxa4 24.Qg4 g6 25.Qh4 Be7 26.Qh6 Bf8 27.Qh4 Be7 28.Be5 Qxe5 29.Qxe7 Qd4
30.Bf3 Qc5 31.Qxc5 Nxc5 32.Rc1 Rb2 33.Kf1 Kg7 34.Ke1 h5 35.Be2  1/2-1/2

[Event "ch-ROM"]
[Site "Lasi ROM"]
[Date "1999.12.17"]
[Round "5"]
[White "Badea,B"]
[Black "Mateuta,G"]
[Result "1/2-1/2"]
[WhiteElo "2479"]
[BlackElo "2398"]

1.Nf3 d5 2.g3 c6 3.Bg2 Bg4 4.O-O Nd7 5.d4 e6 6.Nbd2 Ngf6 7.Re1 Bd6 8.e4 dxe4
9.Nxe4 Nxe4 10.Rxe4 Nf6 11.Re1 O-O  1/2-1/2

[Event "ch-RUS KO"]
[Site "Moscow RUS"]
[Date "1999.12.18"]
[Round "2.2"]
[White "Loginov,Va"]
[Black "Tregubov,P"]
[Result "1-0"]
[WhiteElo "2530"]
[BlackElo "2609"]

1.Nf3 d5 2.g3 Nf6 3.Bg2 c6 4.O-O Bf5 5.c4 e6 6.d3 dxc4 7.dxc4 Qxd1 8.Rxd1 Nbd7
9.Nc3 h6 10.Be3 Ng4 11.Bd2 Bc5 12.Be1 O-O-O 13.a3 Nde5 14.b4 Be7 15.Nd4 Nxc4
16.b5 c5 17.Nxf5 exf5 18.Nd5 Bd6 19.Rdc1 Nce5 20.Ba5 Rde8 21.Bc7 Bxc7 22.Rxc5 Kb8
23.Rxc7 Rc8 24.Re7 Rhe8 25.f4 Nc4 26.Rxf7 Rxe2 27.h3 Nd6 28.Rd7 Rcc2 29.Bf3 Rf2
30.Rxd6 Rxf3 31.Rd8+ Rc8 32.Rxc8+ Kxc8 33.hxg4 Rxg3+ 34.Kf2 Rxg4 35.Rd1 g6
36.Kf3 g5 37.a4 Rh4 38.a5 b6 39.Rc1+ Kb8 40.a6 Rh3+ 41.Kg2  1-0

[Event "ch-RUS KO"]
[Site "Moscow RUS"]
[Date "1999.12.18"]
[Round "2.3"]
[White "Loginov,Va"]
[Black "Tregubov,P"]
[Result "0-1"]
[WhiteElo "2530"]
[BlackElo "2609"]

1.Nf3 d5 2.g3 Nf6 3.Bg2 c6 4.O-O Bf5 5.c4 e6 6.d3 dxc4 7.dxc4 Qxd1 8.Rxd1 Nbd7
9.Nc3 h6 10.Be3 Ng4 11.Bd2 Nge5 12.Nxe5 Nxe5 13.b3 Ba3 14.Bc1 Bxc1 15.Raxc1 Ke7
16.h3 Rhd8 17.f4 Nd7 18.Kf2 a5 19.Na4 Rab8 20.e4 Bh7 21.e5 f6 22.exf6+ gxf6
23.Rd2 Bg6 24.Rcd1 Be8 25.Bf3 b5 26.cxb5 cxb5 27.Nc3 Nc5 28.Ke3 Rxd2 29.Rxd2 Rc8
30.Ne2 b4 31.Rc2 Bd7 32.Nd4 Kd6 33.g4 a4 34.Rc4 axb3 35.axb3 Rb8 36.Bd1 Bc8
37.Nf3 e5 38.fxe5+ fxe5 39.Nd2 Be6 40.Rc1 Bd5 41.Bc2 Ra8 42.h4 Ra3 43.Rb1 Ne6
44.Be4 Nd4 45.Bxd5 Kxd5 46.Kd3 Ra2 47.g5 hxg5 48.hxg5 Rc2 49.Ne4 Rh2 50.Nf6+ Ke6
51.Kc4 Nf3 52.Ne4 Rh4 53.Kd3 Kf5  0-1

[Event "Extraliga CZE"]
[Site "Ostrava CZE"]
[Date "1999.12.18"]
[Round "5"]
[White "Neckar,L"]
[Black "Prandstetter,E"]
[Result "1/2-1/2"]
[WhiteElo "2348"]
[BlackElo "2385"]

1.Nf3 d5 2.g3 Nf6 3.Bg2 e6 4.O-O Be7 5.d4 O-O 6.c4 Nbd7 7.Qc2 c6 8.Nbd2 b6
9.e4 Bb7 10.e5 Ne8 11.b3 Rc8 12.Bb2  1/2-1/2

[Event "Vikings GMB"]
[Site "York ENG"]
[Date "1999.12.18"]
[Round "6"]
[White "Lamb,H"]
[Black "Summerscale,A"]
[Result "1/2-1/2"]
[WhiteElo "2173"]
[BlackElo "2423"]

1.Nf3 d5 2.g3 c5 3.Bg2 Nc6 4.d4 Nf6 5.c4 e6 6.cxd5 exd5 7.O-O Be7 8.Nc3 O-O
9.dxc5 Bxc5 10.Bg5 d4 11.Ne4 Be7 12.Bxf6 Bxf6 13.Qd2 Bf5 14.Nxf6+ Qxf6 15.Qf4 Rfe8
16.Nh4 Bg6 17.Qxf6 gxf6 18.Bxc6 bxc6 19.Rfe1 Rad8 20.Ng2 c5 21.b3 Re5 22.Nf4 Rd6
23.Red1 Ra6 24.Rd2 Kf8 25.Rc1 Ke7 26.b4 cxb4 27.Rxd4 Kf8 28.Rxb4 Rxa2 29.Rc7 Be4
30.Rc1 Rc5 31.Rd1 Rd2 32.Ra1 Bc6 33.f3 a5 34.Rb8+ Ke7 35.Kf2 a4 36.Rb4 Rdc2
37.Rbxa4 Bxa4 38.Rxa4 Kf8 39.Ra7 Rc7 40.Ra6 R2c6 41.Ra5 Re7 42.Rh5 Kg7 43.Ra5 Re8
44.Nh5+ Kf8 45.Nf4 Rb8 46.Rh5 Kg7 47.Ra5 Re8  1/2-1/2

[Event "Young Masters"]
[Site "Groningen NED"]
[Date "1999.12.19"]
[Round "1"]
[White "Visser,Y"]
[Black "Smeets,J"]
[Result "0-1"]
[WhiteElo "2378"]
[BlackElo "2193"]

1.Nf3 d5 2.g3 c6 3.Bg2 Bg4 4.d3 Nd7 5.O-O e6 6.Qe1 Bd6 7.e4 Ne7 8.Nc3 O-O
9.h3 Bh5 10.g4 Bg6 11.Nh4 dxe4 12.dxe4 e5 13.Nf5 Bc5 14.Na4 f6 15.b3 Bxf5
16.gxf5 Bd6 17.Be3 Qc7 18.c4 c5 19.Nc3 Nc6 20.Kh1 Nd4 21.Qd1 Nb6 22.Rg1 Qc6
23.Bf3 Rfd8 24.Bh5 Rd7 25.Rg2 a5 26.a4 Bf8 27.Bg6 hxg6 28.fxg6 Nf5 29.Qh5 Nh6
30.Rag1 Re8 31.Ne2 Nc8 32.Ng3 Nd6 33.Qh4 Re6 34.f3 Qb6 35.Nh5 Ne8 36.Ng3 Red6
37.Nf5 Rd1 38.Qh5 Rxg1+ 39.Rxg1 Qe6 40.Rg4 Rd1+ 41.Kg2 Qd7 42.h4 Qd3 43.Kh2 Qb1
44.Rg2 Rh1+ 45.Kg3 Qe1+ 46.Bf2 Qd1 47.Be3 Nd6 48.Bxh6 Nxe4+ 49.Kg4 Rf1 50.Ne7+ Bxe7
51.Qf5 Qd6 52.Be3 Re1 53.Qxe4 Qe6+ 54.Kh5 Rxe3 55.Qxe3 Qf5+ 56.Rg5 fxg5  0-1

[Event "WGM"]
[Site "Groningen NED"]
[Date "1999.12.19"]
[Round "1"]
[White "Stefanova,A"]
[Black "Zhukova,N"]
[Result "0-1"]
[WhiteElo "2444"]
[BlackElo "2462"]

1.Nf3 d5 2.g3 Nf6 3.Bg2 Bf5 4.O-O e6 5.b3 c5 6.Bb2 Nc6 7.d3 Be7 8.Nbd2 O-O
9.Nh4 Bg4 10.h3 Bh5 11.g4 Ne8 12.Nhf3 Bg6 13.e4 dxe4 14.dxe4 Nc7 15.Ne5 Nxe5
16.Bxe5 f6 17.Bb2 e5 18.Nc4 Ne6 19.Qxd8 Rfxd8 20.Rfd1 Nf4 21.f3 b5 22.Na5 Be8
23.Bf1 Rab8 24.Bc3 Ne6 25.a4 a6 26.axb5 axb5 27.Kg2 Rxd1 28.Rxd1 Nd4 29.Bd3 Ra8
30.Bd2 Ra7 31.Bc3 Bd8 32.b4 Ne6 33.Be1 Kf7 34.Kg3 Bb6 35.Ra1 c4 36.Bf1 Nd4
37.Bf2 Ra6 38.Ra2 Bc7 39.Kg2 Kf8 40.h4 h6 41.Be1 h5 42.Kg3 hxg4 43.fxg4 Bg6
44.Bg2 Bf7 45.Bf1 Bb6 46.h5 Ne6 47.Ra1 Bg8 48.Bd2 Bh7 49.Re1 Nd4 50.c3 Bxa5
51.bxa5 Nb3 52.Be3 Rxa5 53.g5 fxg5 54.Bg2 Ra2 55.Rd1 Rc2 56.Rd8+ Kf7 57.Bxg5 Rxc3+
58.Kh4 Nc5 59.Rd5 Bxe4 60.Rxc5 Bxg2 61.Rxe5 b4 62.Re7+ Kf8 63.Re3 Rxe3 64.Bxe3 Kf7
65.Bc5 b3 66.Bd4 Bf3 67.Kg5 Bxh5 68.Kf4 Be2 69.Ke3 Bd3 70.Kf4 g6  0-1

[Event "ch-RUS KO"]
[Site "Moscow RUS"]
[Date "1999.12.19"]
[Round "3.1"]
[White "Loginov,Va"]
[Black "Bezgodov,A"]
[Result "1/2-1/2"]
[WhiteElo "2530"]
[BlackElo "2576"]

1.Nf3 d5 2.g3 c5 3.Bg2 Nc6 4.d4 e6 5.O-O Nf6 6.c4 Be7 7.cxd5 exd5 8.Nc3 O-O
9.Bg5 cxd4 10.Nxd4 h6 11.Be3 Re8 12.Qc2 Bg4 13.h3 Bd7 14.Rad1 Bd6 15.Nf5 Be5
16.g4 Rc8 17.Nxd5 Nd4 18.Qxc8 Bxc8 19.Nxf6+ Qxf6 20.Nxd4 Qa6 21.a3 Bxd4 22.Rxd4 Qxe2
23.Rd2 Rxe3  1/2-1/2

[Event "ch-ROM"]
[Site "Lasi ROM"]
[Date "1999.12.21"]
[Round "9"]
[White "Nanu,C"]
[Black "Mateuta,G"]
[Result "1-0"]
[WhiteElo "2397"]
[BlackElo "2398"]

1.Nf3 d5 2.g3 c6 3.Bg2 Bg4 4.O-O Nd7 5.h3 Bh5 6.d3 e5 7.b3 Ngf6 8.Bb2 Bd6
9.Nbd2 O-O 10.Nh4 Re8 11.Nf5 Bf8 12.g4 Bg6 13.e4 Bxf5 14.exf5 d4 15.f4 Bb4
16.Nc4 exf4 17.Bxd4 Nd5 18.Bxd5 cxd5 19.Nb2 Qh4 20.Qf3 Bd2 21.Nd1 Ne5 22.Qf2 Qxh3
23.Qxd2 Nf3+ 24.Rxf3 Qxf3 25.Nc3 Qg3+ 26.Kh1 f3 27.Rg1 Re2 28.Rxg3 Rxd2 29.Rxf3 Rxc2
30.Rf2 Rc1+ 31.Kg2 f6 32.Ne2 Rc2 33.Nf4 Rxf2+ 34.Bxf2 Rd8 35.Kf3 b6 36.Ke3 Kf7
37.a4 g6 38.Kd4 gxf5 39.gxf5 Re8 40.Nxd5 Re5 41.Ne3 h5 42.b4 Re8 43.Nd5 Re2
44.Bh4 Rh2 45.Bxf6 h4 46.Be5 Ra2 47.Nc3 Rb2 48.Ne4 Rg2 49.Ke3 h3 50.Kf3 Rg1
51.Nf2 Rf1 52.Ke2 Rb1 53.Nxh3  1-0

[Event "Vikings GMB"]
[Site "York ENG"]
[Date "1999.12.21"]
[Round "9"]
[White "Lamb,H"]
[Black "Krush,I"]
[Result "1/2-1/2"]
[WhiteElo "2173"]
[BlackElo "2432"]

1.Nf3 d5 2.g3 Bg4 3.Bg2 Nd7 4.b3 e5 5.d3 Bd6 6.Bb2 Ngf6 7.O-O O-O 8.Nbd2 Re8
9.e4 d4 10.Nc4 Bf8 11.a4 c6 12.h3 Bh5 13.g4 Bg6 14.Nh4 b5 15.Nxg6 hxg6 16.Nd2 a6
17.f4 exf4 18.axb5 axb5 19.Bxd4 Rxa1 20.Qxa1 Bd6 21.Nf3 c5 22.Bxf6 gxf6 23.Qa6 Qb8
24.Ra1 Ne5 25.Ra5 b4 26.Rb5 Qd8 27.Rb7 Nxf3+ 28.Bxf3 Be5 29.Qc4 Re7 30.Rxe7 Bd4+
31.Kg2 Qxe7 32.Qb5 Qa7 33.Qa4 Qb6 34.e5 fxe5 35.Qc6 Qd8 36.Qa8 Qxa8 37.Bxa8 g5
38.Kf3 Kg7 39.Be4 Kf6 40.Bf5 Ke7 41.Bh7 Kd6 42.Be4 c4 43.dxc4 f6 44.Ke2 Bc5
45.Kf3 Bd4 46.Ke2 Bc5  1/2-1/2

[Event "Vikings GMB"]
[Site "York ENG"]
[Date "1999.12.21"]
[Round "9"]
[White "Summerscale,A"]
[Black "Meister,P"]
[Result "1/2-1/2"]
[WhiteElo "2423"]
[BlackElo "2417"]

1.Nf3 d5 2.g3 Bg4 3.Bg2 c6 4.O-O Nf6 5.d3 e6 6.Nbd2 Be7 7.e4 O-O 8.Qe2 Nbd7
9.b3 a5 10.Bb2 a4  1/2-1/2

[Event "ch-ROM"]
[Site "Lasi ROM"]
[Date "1999.12.23"]
[Round "11"]
[White "Istrate,B"]
[Black "Mateuta,G"]
[Result "1/2-1/2"]
[WhiteElo "2277"]
[BlackElo "2398"]

1.Nf3 d5 2.g3 g6 3.d4 Bg7 4.Bg2 Nh6 5.c4 c6 6.cxd5 cxd5 7.Nc3 Nc6 8.Qb3 e6
9.Bg5 Nxd4 10.Nxd4 Qxg5 11.Qb5+ Bd7 12.Qxb7 O-O 13.Qxd7 Bxd4 14.O-O Qe5  1/2-1/2

[Event "ch-ROM (women)"]
[Site "Lasi ROM"]
[Date "1999.12.26"]
[Round "12"]
[White "Calotescu,C"]
[Black "Ionescu Brandis,I"]
[Result "0-1"]
[WhiteElo "2176"]
[BlackElo "2224"]

1.Nf3 d5 2.g3 c6 3.Bg2 Bg4 4.O-O Nd7 5.d3 Ngf6 6.Nbd2 e6 7.h3 Bxf3 8.Nxf3 Be7
9.Qe1 O-O 10.e4 dxe4 11.dxe4 e5 12.b3 Qc7 13.Bb2 Rfe8 14.Qe2 a5 15.Rfd1 a4
16.Qc4 b5 17.Qe2 Bf8 18.Nh2 Nc5 19.Nf1 Ne6 20.Ne3 Bc5 21.c3 h5 22.b4 Bb6
23.h4 Qa7 24.Bf3 Rad8 25.Nc2 g6 26.a3 Ng4 27.Bxg4 hxg4 28.Kg2 Ng7 29.Ne1 Nh5
30.Rac1 Nf6 31.Nc2 Qe7 32.c4 Qe6 33.cxb5 cxb5 34.Re1 Qb3 35.Na1 Qf3+ 36.Qxf3 gxf3+
37.Kxf3 Rd2 38.Rc2 Red8 39.Bxe5 R8d3+ 40.Kg2 Rxc2 41.Nxc2 Ng4 42.Bf4 Bxf2
43.Re2 Rc3 44.Kh3 f5 45.exf5 gxf5 46.Rd2 Bb6 47.Kg2 Kf7 48.Re2 Bc7 49.Bxc7 Rxc2
50.Kf3 Rxc7 51.Rd2 Ke6 52.Rd8 Ne5+ 53.Kg2 Rc2+ 54.Kf1 Rc3 55.Rb8 Rxa3 56.Kf2 Rb3
57.Rxb5 a3 58.Ra5 Rb2+ 59.Kg1 a2  0-1

[Event "8th Danube Open"]
[Site "Aschach AUT"]
[Date "1999.12.27"]
[Round "2"]
[White "Kaiser,W"]
[Black "Waldmann,G"]
[Result "1/2-1/2"]
[WhiteElo "2385"]
[BlackElo "2155"]

1.Nf3 d5 2.g3 Bg4 3.Bg2 Nd7 4.c4 e6 5.cxd5 exd5 6.d4 c6 7.O-O Ngf6 8.Bf4 Be7
9.Nc3 O-O 10.Rc1 Re8 11.h3 Bf5 12.g4 Be4 13.e3 Nf8  1/2-1/2

[Event "Weihnachtsopen"]
[Site "Zurich SUI"]
[Date "1999.12.29"]
[Round "5"]
[White "Eidinger,H"]
[Black "Simon,RA"]
[Result "0-1"]
[WhiteElo "2188"]
[BlackElo "2228"]

1.g3 d5 2.Nf3 Nd7 3.d4 b6 4.Bg2 e6 5.c4 Bb7 6.cxd5 exd5 7.Nc3 Ngf6 8.O-O a6
9.Bf4 Be7 10.Rc1 O-O 11.Qb3 Re8 12.Ne5 Nf8 13.e4 c6 14.Na4 b5 15.exd5 Nxd5
16.Nc5 Bxc5 17.Rxc5 Ne6 18.Rxc6 Ndxf4 19.gxf4 Bxc6 20.Bxc6 Qxd4 21.Bxa8 Rxa8
22.Qf3 Re8 23.Qc6 Rd8 24.Qxa6 Qxf4 25.Nc6 Qg4+ 26.Kh1 Qf3+ 27.Kg1 Nf4  0-1

[Event "Open"]
[Site "Groningen NED"]
[Date "1999.12.30"]
[Round "11"]
[White "Payen,A"]
[Black "Naes,F"]
[Result "1-0"]
[WhiteElo "2373"]
[BlackElo "2222"]

1.Nf3 d5 2.g3 Nf6 3.Bg2 e6 4.O-O c5 5.d3 Nc6 6.Nbd2 Be7 7.e4 O-O 8.e5 Nd7
9.Re1 Qc7 10.Qe2 b5 11.Nf1 Rb8 12.h4 Ba6 13.Bf4 Rfc8 14.Ne3 Nd4 15.Nxd4 cxd4
16.Nxd5 exd5 17.e6 Bd6 18.exd7 Qxd7 19.Bh3 Qxh3 20.Bxd6 Ra8 21.Bc5 g5 22.Bxd4 gxh4
23.Qe5 Qg4 24.Qh8+  1-0

[Event "Rilton Cup"]
[Site "Stockholm SWE"]
[Date "1999.12.30"]
[Round "4"]
[White "Volzhin,A"]
[Black "Meijers,V"]
[Result "1/2-1/2"]
[WhiteElo "2569"]
[BlackElo "2472"]

1.g3 d5 2.Nf3 Nf6 3.Bg2 e6 4.O-O b6 5.d4 Bb7 6.c4 dxc4 7.Qa4+ Nbd7 8.Bg5 a6
9.Qxc4 c5 10.dxc5 Bxc5 11.Nc3 b5 12.Qf4 h6 13.Bxf6 Nxf6 14.Rad1 Qb6 15.Ne5 Bxg2
16.Kxg2 O-O 17.Nf3  1/2-1/2

[Event "Alushta3"]
[Site "Alushta"]
[Date "1999.??.??"]
[Round "?"]
[White "Savon, Vladimir A"]
[Black "Moskalenko, Viktor"]
[Result "1/2-1/2"]
[WhiteElo "2427"]
[BlackElo "2469"]

1.Nf3 d5 2.g3 Nf6 3.Bg2 g6 4.c4 c6 5.b3 Bg7 6.Bb2 O-O 7.O-O Bg4 8.d3 Ne8
9.Bxg7 Nxg7 10.Nbd2 Nd7 11.b4 Bxf3 12.Bxf3 Ne5 13.Bg2  1/2-1/2

[Event "AUT-chT 9900"]
[Site "Austria"]
[Date "1999.??.??"]
[Round "4.6"]
[White "Maiwald, Jens Uwe"]
[Black "Loeffler, Stefan"]
[Result "1-0"]
[WhiteElo "2507"]
[BlackElo "2412"]

1.Nf3 d5 2.g3 c5 3.Bg2 Nc6 4.O-O e5 5.d3 Bd6 6.a3 Nf6 7.Bg5 Be7 8.c4 Be6
9.Bxf6 Bxf6 10.cxd5 Bxd5 11.Nc3 Be6 12.Rc1 Be7 13.Na4 e4 14.Ne1 Nd4 15.Nxc5 Bg4
16.f3 exf3 17.exf3 Bc8 18.b4 a5 19.Nc2 axb4 20.axb4 O-O 21.Kh1 b6 22.Ne4 Ba6
23.Ne3 f5 24.Nc3 f4 25.gxf4 Bxb4 26.f5 Bb7 27.Ne4 Ra3 28.f4 Kh8 29.Rg1 Nxf5
30.Nxf5 Rxf5 31.Qg4 Qf8 32.Ng5 Bxg2+ 33.Qxg2 Qa8 34.Rc6 Rc3 35.Ne4 Rf7 36.Nxc3 Bxc3
37.Rxc3  1-0

[Event "AUT-chT 9899"]
[Site "AUT"]
[Date "1999.??.??"]
[Round "?"]
[White "Postl, Anton"]
[Black "Zoebisch, Herbert"]
[Result "1-0"]
[WhiteElo "2275"]
[BlackElo "2260"]

1.Nf3 d5 2.g3 c6 3.Bg2 Bg4 4.d3 Nd7 5.Nbd2 Ngf6 6.O-O e6 7.h3 Bxf3 8.Nxf3 Bc5
9.c3 O-O 10.b4 Be7 11.Rb1 a6 12.Qc2 Rc8 13.c4 b5 14.c5 a5 15.a3 a4 16.e4 e5
17.exd5 Nxd5 18.Bb2 Bf6 19.Rfe1 Re8 20.Re2 Qc7 21.Rbe1 Re6 22.d4 Rce8 23.dxe5 Nxe5
24.Nxe5 Bxe5 25.Bxe5 Rxe5 26.Bxd5 cxd5 27.Rxe5 Rxe5 28.Rxe5 Qxe5 29.c6  1-0

[Event "AUT-chT 9899"]
[Site "AUT"]
[Date "1999.??.??"]
[Round "?"]
[White "Poldauf, Dirk"]
[Black "Rabiega, Robert"]
[Result "1-0"]
[WhiteElo "2445"]
[BlackElo "2520"]

1.Nf3 d5 2.g3 c6 3.Bg2 Bg4 4.O-O Nd7 5.d4 e6 6.Nbd2 Ngf6 7.Re1 Be7 8.e4 dxe4
9.Nxe4 a5 10.Nxf6+ Nxf6 11.h3 Bh5 12.g4 Bg6 13.Ne5 Nd7 14.Nxg6 hxg6 15.c4 O-O
16.d5 cxd5 17.cxd5 Bb4 18.dxe6 Bxe1 19.exd7 Qe7 20.Be3 Bb4 21.Qd5 Bd6 22.Rd1 Bc7
23.Bc5 Qe2 24.Bxf8 Rxf8 25.Qd2 Qe5 26.Re1 Qb5 27.Qd5 Qxb2 28.Qc5 Qb4 29.Qxb4  1-0

[Event "AUT-chT2O 9899"]
[Site "AUT"]
[Date "1999.??.??"]
[Round "7"]
[White "Vokroj, Rene"]
[Black "Weiss, Karl"]
[Result "1/2-1/2"]
[WhiteElo "2285"]
[BlackElo "2185"]

1.Nf3 d5 2.g3 Nf6 3.Bg2 e6 4.d3 b6 5.c4 Bb7 6.Nfd2 Be7 7.O-O O-O 8.Nc3 c5
9.cxd5 Nxd5 10.Qb3 Na6 11.Nc4 Nab4 12.Bd2 Nxc3 13.bxc3 Bxg2 14.Kxg2 Nc6 15.Rfd1 Bd6
16.e4 Bc7 17.Be3 Ne5 18.Nxe5 Bxe5 19.d4 cxd4 20.cxd4 Bf6 21.a4 Qd7 22.a5 bxa5
23.Rxa5 Bd8 24.Ra6 Bb6 25.d5 Qc8 26.Rda1 Bxe3 27.Qxe3 exd5 28.exd5 Qb7 29.Qc5 Rfc8
30.Rc6 Rd8 31.Ra4 h6 32.Rf4 Rac8 33.Re4 Rb8 34.Re7 Rd7 35.Rxd7 Qxd7 36.Rc7 Qf5
37.Qc4 Rb2 38.Qd4 Rb5 39.Rxa7 Qxd5+ 40.Qxd5 Rxd5 41.Kf3 g6  1/2-1/2